Les pays n'ayant pas de blanc sur leur drapeau - Statistiques

Statistiques générales
  • Ce quiz a été pris 142 fois
  • Le résultat moyen est 33 sur 51
Statistiques - réponses
Europe % Correct
Maroc
89%
Chine
86%
Allemagne
81%
Belgique
81%
Mali
80%
Colombie
78%
Sénégal
78%
Suède
78%
Albanie
77%
Lituanie
77%
Roumanie
73%
Ukraine
73%
Bolivie
72%
Angola
69%
République démocratique du Congo
69%
République du Congo
69%
Viêt Nam
69%
Cameroun
67%
Éthiopie
67%
Kazakhstan
66%
Mauritanie
66%
Moldavie
66%
Guinée
65%
Jamaïque
65%
Tanzanie
65%
Tchad
65%
Zambie
65%
Monténégro
63%
Macédoine du Nord
62%
Bénin
61%
Gabon
61%
Rwanda
61%
Arménie
60%
Mongolie
60%
Palaos
60%
Ghana
59%
Guinée-Bissau
59%
Érythrée
56%
Bangladesh
55%
Kirghizistan
55%
Bahamas
53%
Barbade
53%
Liechtenstein
53%
Burkina Faso
52%
Saint-Vincent-et-les- Grenadines
52%
Vanuatu
52%
Sao Tomé-et-Principe
48%
Grenade
46%
Île Maurice
45%
Sri Lanka
43%
Malawi
41%
Aucun quiz correspondant
Distribution des résultats
% des personnes avec chaque résultat
Percentile par nombre de réponses
Votre historique - résultats
Vous n’avez pas pris ce quiz